<?xml version="1.0" encoding="UTF-8"?>
<collection xmlns="http://www.loc.gov/MARC21/slim">
 <record>
  <leader>02583nas a2200385   4500</leader>
  <controlfield tag="001">1/50487</controlfield>
  <controlfield tag="008">100304s19939999xxuqr1p       0   a0eng d</controlfield>
  <datafield tag="022" ind1="0" ind2=" ">
   <subfield code="a">1074-1240</subfield>
  </datafield>
  <datafield tag="035" ind1=" " ind2=" ">
   <subfield code="l">42231</subfield>
  </datafield>
  <datafield tag="040" ind1=" " ind2=" ">
   <subfield code="a">DLC</subfield>
   <subfield code="d">GR-PeUP</subfield>
  </datafield>
  <datafield tag="090" ind1=" " ind2=" ">
   <subfield code="a">Αλφαβητική σειρά</subfield>
  </datafield>
  <datafield tag="245" ind1="0" ind2="4">
   <subfield code="a">The Journal of derivatives :</subfield>
   <subfield code="b">a publication of Institutional Investor, Inc.</subfield>
  </datafield>
  <datafield tag="260" ind1=" " ind2=" ">
   <subfield code="a">New York, NY :</subfield>
   <subfield code="b">Institutional Investor, Inc.,</subfield>
   <subfield code="c">c1993-</subfield>
  </datafield>
  <datafield tag="300" ind1=" " ind2=" ">
   <subfield code="a">τ. :</subfield>
   <subfield code="b">εικ. ;</subfield>
   <subfield code="c">28 εκ.</subfield>
  </datafield>
  <datafield tag="310" ind1=" " ind2=" ">
   <subfield code="a">4 φορές το χρόνο.</subfield>
  </datafield>
  <datafield tag="362" ind1="0" ind2=" ">
   <subfield code="a">Vol. 16, no. 3 (Spring 2009)-</subfield>
  </datafield>
  <datafield tag="546" ind1=" " ind2=" ">
   <subfield code="a">Αγγλική.</subfield>
  </datafield>
  <datafield tag="535" ind1="0" ind2=" ">
   <subfield code="a">Κλειστό Βιβλιοστάσιο.</subfield>
  </datafield>
  <datafield tag="650" ind1=" " ind2="4">
   <subfield code="a">Derivative securities</subfield>
   <subfield code="v">Periodicals.</subfield>
  </datafield>
  <datafield tag="852" ind1=" " ind2=" ">
   <subfield code="a">INST</subfield>
   <subfield code="b">UNIPILB</subfield>
   <subfield code="c">SERIALS</subfield>
   <subfield code="e">20100304</subfield>
   <subfield code="h">Αλφαβητική σειρά</subfield>
   <subfield code="p">67219</subfield>
   <subfield code="q">67219</subfield>
   <subfield code="t">NOLOAN</subfield>
   <subfield code="v">vol.16;no.3:(Εποχή)Spring;(Έτος)2009</subfield>
   <subfield code="y">23</subfield>
  </datafield>
  <datafield tag="852" ind1=" " ind2=" ">
   <subfield code="a">INST</subfield>
   <subfield code="b">UNIPILB</subfield>
   <subfield code="c">SERIALS</subfield>
   <subfield code="e">20100304</subfield>
   <subfield code="h">Αλφαβητική σειρά</subfield>
   <subfield code="p">67220</subfield>
   <subfield code="q">67220</subfield>
   <subfield code="t">NOLOAN</subfield>
   <subfield code="v">vol.17;no.1:(Εποχή)Fall;(Έτος)2009</subfield>
   <subfield code="y">23</subfield>
  </datafield>
  <datafield tag="852" ind1=" " ind2=" ">
   <subfield code="a">INST</subfield>
   <subfield code="b">UNIPILB</subfield>
   <subfield code="c">SERIALS</subfield>
   <subfield code="e">20100304</subfield>
   <subfield code="h">Αλφαβητική σειρά</subfield>
   <subfield code="p">67221</subfield>
   <subfield code="q">67221</subfield>
   <subfield code="t">NOLOAN</subfield>
   <subfield code="v">vol.17;no.2:(Εποχή)Winter;(Έτος)2009</subfield>
   <subfield code="y">23</subfield>
  </datafield>
  <datafield tag="852" ind1=" " ind2=" ">
   <subfield code="a">INST</subfield>
   <subfield code="b">UNIPILB</subfield>
   <subfield code="c">SERIALS</subfield>
   <subfield code="e">20100416</subfield>
   <subfield code="h">Αλφαβητική σειρά</subfield>
   <subfield code="p">67908</subfield>
   <subfield code="q">67908</subfield>
   <subfield code="t">NOLOAN</subfield>
   <subfield code="v">vol.16;no.4:(Εποχή)Summer;(Έτος)2009</subfield>
   <subfield code="y">23</subfield>
  </datafield>
  <datafield tag="852" ind1=" " ind2=" ">
   <subfield code="a">INST</subfield>
   <subfield code="b">UNIPILB</subfield>
   <subfield code="c">SERIALS</subfield>
   <subfield code="e">20100707</subfield>
   <subfield code="h">Αλφαβητική σειρά</subfield>
   <subfield code="p">69467</subfield>
   <subfield code="q">69467</subfield>
   <subfield code="t">NOLOAN</subfield>
   <subfield code="v">vol.17;no.4:(Εποχή)Summer;(Έτος)2010</subfield>
   <subfield code="y">23</subfield>
  </datafield>
  <datafield tag="852" ind1=" " ind2=" ">
   <subfield code="a">INST</subfield>
   <subfield code="b">UNIPILB</subfield>
   <subfield code="c">SERIALS</subfield>
   <subfield code="e">20101022</subfield>
   <subfield code="h">Αλφαβητική σειρά</subfield>
   <subfield code="p">70372</subfield>
   <subfield code="q">70372</subfield>
   <subfield code="t">NOLOAN</subfield>
   <subfield code="v">vol.18;no.1:(Εποχή)Fall;(Έτος)2010</subfield>
   <subfield code="y">23</subfield>
  </datafield>
  <datafield tag="852" ind1=" " ind2=" ">
   <subfield code="a">INST</subfield>
   <subfield code="b">UNIPILB</subfield>
   <subfield code="c">SERIALS</subfield>
   <subfield code="e">20110124</subfield>
   <subfield code="h">Αλφαβητική σειρά</subfield>
   <subfield code="p">70909</subfield>
   <subfield code="q">70909</subfield>
   <subfield code="t">NOLOAN</subfield>
   <subfield code="v">vol.18;no.2:(Εποχή)Winter;(Έτος)2010</subfield>
   <subfield code="y">23</subfield>
  </datafield>
  <datafield tag="852" ind1=" " ind2=" ">
   <subfield code="a">INST</subfield>
   <subfield code="b">UNIPILB</subfield>
   <subfield code="c">SERIALS</subfield>
   <subfield code="e">20110629</subfield>
   <subfield code="h">Αλφαβητική σειρά</subfield>
   <subfield code="p">72124</subfield>
   <subfield code="q">72124</subfield>
   <subfield code="t">NOLOAN</subfield>
   <subfield code="v">vol.18;no.3:(Εποχή)Spring;(Έτος)2011</subfield>
   <subfield code="y">23</subfield>
  </datafield>
  <datafield tag="852" ind1=" " ind2=" ">
   <subfield code="a">INST</subfield>
   <subfield code="b">UNIPILB</subfield>
   <subfield code="c">SERIALS</subfield>
   <subfield code="e">20130314</subfield>
   <subfield code="h">Αλφαβητική σειρά</subfield>
   <subfield code="p">78416</subfield>
   <subfield code="q">78416</subfield>
   <subfield code="t">NOLOAN</subfield>
   <subfield code="v">vol.18;no.4:(Εποχή)Summer;(Έτος)2011</subfield>
   <subfield code="y">23</subfield>
  </datafield>
  <datafield tag="900" ind1=" " ind2=" ">
   <subfield code="a">Vol. 19 no. 1 (Fall 2011)</subfield>
   <subfield code="b">Οφειλόμενο</subfield>
   <subfield code="c">27/03/2013</subfield>
  </datafield>
  <datafield tag="900" ind1=" " ind2=" ">
   <subfield code="a">Vol. 17 no. 3 (Spring 2010)</subfield>
   <subfield code="b">Οφειλόμενο</subfield>
   <subfield code="c">30/05/2010</subfield>
  </datafield>
  <datafield tag="950" ind1=" " ind2=" ">
   <subfield code="a">01/03/2009</subfield>
   <subfield code="c">SWETS INFORMATION SERVICES</subfield>
   <subfield code="d">790</subfield>
  </datafield>
  <datafield tag="951" ind1=" " ind2=" ">
   <subfield code="a">Vol. 18 no. 1 (Fall 2010) - Vol. 18 no. 4 (Summer 2011)</subfield>
   <subfield code="b">Main run</subfield>
  </datafield>
  <datafield tag="951" ind1=" " ind2=" ">
   <subfield code="a">Vol. 16 no. 3 (Spring 2009) - Vol. 16 no. 4 (Summer 2009)</subfield>
   <subfield code="b">Main run</subfield>
  </datafield>
  <datafield tag="951" ind1=" " ind2=" ">
   <subfield code="a">Vol. 17 no. 1 (Fall 2009) - Vol. 17 no. 2 (Winter 2009)</subfield>
   <subfield code="b">Main run</subfield>
  </datafield>
  <datafield tag="951" ind1=" " ind2=" ">
   <subfield code="a">Vol. 17 no. 4 (Summer 2010)</subfield>
   <subfield code="b">Main run</subfield>
  </datafield>
 </record>
</collection>
